Principles of water resources planning
Presents the principles of water resources planning and provides a reasonalbe selection of additional descriptive and analytical material
Zapisane w:
| 1. autor: | |
|---|---|
| Format: | Książka |
| Język: | Undetermined |
| Wydane: |
Englewood Cliffs
Prentice-Hall
1984
|
| Hasła przedmiotowe: | |
| Etykiety: |
Dodaj etykietę
Nie ma etykietki, Dołącz pierwszą etykiete!
|
| Thư viện lưu trữ: | Trung tâm Học liệu Trường Đại học Cần Thơ |
|---|
| LEADER | 00730nam a2200205Ia 4500 | ||
|---|---|---|---|
| 001 | CTU_220440 | ||
| 008 | 210402s9999 xx 000 0 und d | ||
| 020 | |c 35 | ||
| 082 | |a 333.91 | ||
| 082 | |b G653 | ||
| 100 | |a Goodman, Alvin S. | ||
| 245 | 0 | |a Principles of water resources planning | |
| 245 | 0 | |c Alvin S. Goodman | |
| 260 | |a Englewood Cliffs | ||
| 260 | |b Prentice-Hall | ||
| 260 | |c 1984 | ||
| 520 | |a Presents the principles of water resources planning and provides a reasonalbe selection of additional descriptive and analytical material | ||
| 650 | |a Phát triển nguồn tài nguyên nước,Water resources development | ||
| 904 | |i Nguyên | ||
| 980 | |a Trung tâm Học liệu Trường Đại học Cần Thơ | ||